Chemistry and biochemistry: (Record no. 183376)

000 -LEADER
fixed length control field 00865 a2200157 4500
003 - CONTROL NUMBER IDENTIFIER
control field Nust
005 - DATE AND TIME OF LATEST TRANSACTION
control field 20221011131441.0
020 ## - INTERNATIONAL STANDARD BOOK NUMBER
International Standard Book Number 07046135x
040 ## - CATALOGING SOURCE
Transcribing agency Nust
082 ## - DEWEY DECIMAL CLASSIFICATION NUMBER
Classification number 540,NEA
100 ## - MAIN ENTRY--PERSONAL NAME
Personal name Neal, Arthur Leslie,
9 (RLIN) 99891
245 ## - TITLE STATEMENT
Title Chemistry and biochemistry:
Remainder of title a comprehensive introduction /
Statement of responsibility, etc. A. Leslie Neal.
505 ## - FORMATTED CONTENTS NOTE
Formatted contents note General Chemistry (Page-5), Matter and Energy (Page-5), The Atom (Page-15), The Chemical Bond (Page-39), Chemical Reactions and Equations (page-63) Solutions(Page-83) Chemical Equilibrium (page-113) Suggested Readings for (Page-151),Organic Chemistry (Page-157), Hydrocarbons (Page-179), Alcohols (Page-223), Aldehydes and Ketenes (Page-243), Carboxylic Acid (Page-261), Amines, amides and Hetero-cyclic nitrogen compounds (Page-287), Biochemistry (Page-339).
650 ## - SUBJECT ADDED ENTRY--TOPICAL TERM
Topical term or geographic name entry element Chemistry and biochemistry:
9 (RLIN) 99892
942 ## - ADDED ENTRY ELEMENTS (KOHA)
Source of classification or shelving scheme
Koha item type Book
Holdings
Withdrawn status Lost status Source of classification or shelving scheme Damaged status Not for loan Permanent Location Current Location Shelving location Date acquired Full call number Barcode Date last seen Price effective from Koha item type Public note
          Military College of Signals (MCS) Military College of Signals (MCS) General Stacks 12/12/2016 540,NEA MCS6382 12/08/2016 12/12/2016 Book Almirah No.25, Shelf No.2
© 2023 Central Library, National University of Sciences and Technology. All Rights Reserved.